书目信息 |
| 题名: |
七月王朝时期的共产主义思想
|
|
| 作者: | 莫朗热 , Morange 著 ;雷永光 译 | |
| 分册: | ||
| 出版信息: | 北京 商务印书馆 1985 |
|
| 页数: | 101页 | |
| 开本: | 19cm | |
| 丛书名: | ||
| 单 册: | ||
| 中图分类: | D091.6 , K565.41 | |
| 科图分类: | ||
| 主题词: | 空想共产主义-法国1830年7月革命 , 法国1830年7月革命-空想共产主义 | |
| 电子资源: | ||
| ISBN: | ||
| 000 | 01101nam0 2200313 45 | |
| 001 | 0185000333 | |
| 005 | 20040429144128.6 | |
| 010 | @dCNY0.71 | |
| 091 | @a3017.381 | |
| 100 | @a19900823d1985 kemy0chiy0121 ea | |
| 101 | 1 | @achi@cfre |
| 102 | @aCN@b110000 | |
| 105 | @ay z 000yy | |
| 106 | @ar | |
| 200 | 10 | @a七月王朝时期的共产主义思想@Aqi yue wang chao shi qi de gong chan zhu yi si xiang@f(法)莫朗热(Morange,G.)著@g雷永光译 |
| 210 | @a北京@c商务印书馆@d1985 | |
| 215 | @a101页@d19cm | |
| 300 | @a书名原文: Les idess communistes dans les societis secreteset dans la presse sous la monarchie de juillet. | |
| 510 | 1 | @aLes idess communistes dans les societis secretes et dans la presse sous la monarchie de juillet@zfre |
| 606 | @a空想共产主义-法国1830年7月革命 | |
| 606 | @a法国1830年7月革命-空想共产主义 | |
| 690 | @aD091.6@v3 | |
| 690 | @aK565.41@v3 | |
| 701 | 1 | @a莫朗热@Amo lang re@bG.@4著 |
| 701 | A1 | @aMorange@bG.@4著 |
| 702 | 0 | @a雷永光@Alei yong guang@4译 |
| 801 | 0 | @aCN@b深圳图书馆@c20040429 |
| 801 | 2 | @aCN@bNLC@c20040429 |
| 905 | @f2@b229034-035@dD091.6@e50 | |
| 七月王朝时期的共产主义思想/(法)莫朗热(Morange,G.)著/雷永光译.-北京:商务印书馆,1985 |
| 101页;19cm |
| 书名原文: Les idess communistes dans les societis secreteset dans la presse sous la monarchie de juillet. |
| ISBN :CNY0.71 |
| ● |
| 相关链接 |
|
|
|
|
正题名:七月王朝时期的共产主义思想
索取号:D091.6/50
 
预约/预借
| 序号 | 登录号 | 条形码 | 馆藏地/架位号 | 状态 | 备注 |
| 1 | 0229034 | 001019249 | 第一借阅区/ [索取号:D091.6/50] | 在馆 | |
| 2 | 0229035 | 001019258 | 密集书库/ [索取号:D091.6/50] | 在馆 | |
| 3 | 0229036 | 001019267 | 第一样本阅览室/ [索取号:D091.6/50] | 在馆 |